| 000 | 00631nam a22001937a 4500 | ||
|---|---|---|---|
| 005 | 20251108170804.0 | ||
| 008 | 250721s1991 xx 000 0 ara d | ||
| 020 | _a9770126721 | ||
| 082 | 1 | 4 | _aط/ق/بدو |
| 100 | 1 |
_aبدوي، فؤاد _eمؤلف |
|
| 245 | 1 | 0 | _aوائل .. و القمر و قصص أخرى / |
| 264 | 1 |
_aالقاهره : _bالهيئة المصرية العامة للكتاب، _c1991. |
|
| 300 | _a22ص. | ||
| 650 | 1 | 7 | _aالقصص العربية |
| 653 | _a(سنوات 9-6) أطفال مرحلة متوسطة | ||
| 700 | 1 |
_aالقاضي، محمود _eرسام |
|
| 942 |
_2ddc _cBK |
||
| 999 |
_c48994 _d48994 |
||